| 000 | 00889cam a22002771a 4500 | ||
|---|---|---|---|
| 001 | ne 67000403 | ||
| 003 | DLC | ||
| 005 | 20260227111830.0 | ||
| 008 | 940526s1966 ku acfh f000 0 arar | ||
| 010 | _ane 67000403 | ||
| 035 | _a(OCoLC)30497297 | ||
| 040 |
_aDLC _cMU _dMU _dDLC |
||
| 041 | 0 | _aaraeng | |
| 042 | _apremarc | ||
| 050 | 0 | 0 |
_aHT151 _b.S47 |
| 100 | 1 |
_aShiber, Saba George, _d1923- |
|
| 245 | 1 | 0 |
_aĀfāq jadīdah lil-mudun / _c[taʼlīf] Sābā Jūrj Shibir. |
| 260 |
_a[al-Kuwayt : _bMaṭbaʻat Hukūmat al-Kuwayt, _c1966] |
||
| 300 |
_a222 p., [4] p. of plates : _bill. (some col.), facsim., ports. ; _c24 cm. |
||
| 500 | _aRomanized record. | ||
| 500 | _aAdded t.p.: New city horizons for old [by] Saba G. Shiber. | ||
| 500 | _aArabic and English. | ||
| 650 | 0 | _aCities and towns. | |
| 650 | 0 |
_aCities and towns _xGrowth. |
|
| 740 | 0 | _aNew city horizons for old. | |
| 999 |
_c49425 _d49425 |
||